000 00949nam2a22002531 4500
001 rc\142709
005 20250612183144.0
010 _a5-8270-0114-7
_94000
035 _a(NLR Aleph) 008782729
090 _a7992395
_c7992395
100 _a20030307d1994 |||y0rusy50 ca
101 0 _arus
102 _aRU
105 _aa |||||||||
200 0 _a[Т.] 5
_f[Пред. редкол. В.М. Чуриков]
210 _d1994
_aБ. м.
215 _a635, [3] с., [8] л. ил.
_cил.
320 _aБиблиогр.: с. 637
461 0 _1001rc\142704
_12001#$aКнига Памяти$eРос. Федерация, Сарат. обл.$v[Т.] 5
_97904101
_cСаратов
_d1994-
_nРегион. приволж. изд-во "Дет. кн."
_oРос. Федерация, Сарат. обл.
_tКнига Памяти
_y5827000884
_v[Т.] 5
801 0 _aRU
_bNLR
_gpsbo
801 1 _aRU
_bELAR
_2rusmarc
852 _aNLR
_bС
_jК-4/603
942 _cBOOK
980 _aNB